000 00714cas a2200241 a 4500
001 2927
003 BD-DhEWU
005 20140821103909.0
008 110604s1996bg xx gn p r a000 00eng d
040 _aBD-DhEWU
_dBD-DhEWU
_beng
_cBD-DhEWU
041 _aeng
082 0 4 _a338.7
_bSCL 1996
245 1 0 _aSCL 100 :
_bdirectory of 100 listed companies 1996 /
_cProfessor Mahbub Ahmed
260 _aDhaka :
_bSecurities Consultants,
_c1996.
300 _axv, 304 p. :
_bill. ;
_c28 cm.
526 _aEconomics
590 _aShaharima Parvin
653 0 0 _aBusiness
653 0 0 _aBusiness enterprises Corporations
655 _aDirectories
_917578
700 1 _aAhmed, Professor Mahbub
_917901
942 _cSERIAL
_2ddc
999 _c2927
_d2927